| 000 | 00864nam a2200277 u 4500 | ||
|---|---|---|---|
| 001 | 000020267 | ||
| 003 | DO-SdBNP | ||
| 005 | 20150720105835.0 | ||
| 008 | 100802s2000 dr r 000 0 spa d | ||
| 020 | _a8482613162 | ||
| 040 |
_aBPJMB _bspa _cBPJMB |
||
| 092 |
_a374 _bM618 |
||
| 245 | 0 | 0 |
_aMi comunidad / _cMaría Isabel Incháustegui ... [et al.]. |
| 260 |
_aSanto Domingo : _bSantillana, _c2000. |
||
| 300 |
_a119 p. : _bil. ; _c26 cm. |
||
| 500 | _aMódulo III del primer curso del segundo ciclo de educación de adultos | ||
| 650 | 4 | _aEDUCACIÓN | |
| 650 | 4 | _aEDUCACIÓN DE ADULTOS | |
| 700 | 1 | _aIncháustegui, María Isabel | |
| 700 | 1 | _aCruz, María Ramona de la | |
| 700 | 1 | _aDíaz, Francisca | |
| 700 | 1 | _aUribe, Mercedes | |
| 942 |
_2ddc _cBK |
||
| 956 |
_aKLANTIGUA _b10 _c20100802 _lBND02 _h1430 |
||
| 956 |
_aDGARCIA _b10 _c20100804 _lBND01 _h1048 |
||
| 999 |
_c7968 _d7968 |
||